[Event "11th Varna it"]
[Site "Golden Sands BUL"]
[Date "1972.05.26"]
[Round "1"]
[White "Adamski, Jan"]
[Black "Podgaets, Mikhail"]
[Result "0-1"]
[WhiteElo "2380"]
[BlackElo "2530"]
[EventDate "1972.05.26"]
[PlyCount "34"]

1.Nf3 Nf6 2.c4 g6 3.b3 Bg7 4.Bb2 O-O 5.g3 d6 6.d4 Nbd7 7.Qd2 c6 8.Bg2 Ne4 
9.Qc2 d5 10.Nc3 Ndf6 11.Nd2 Nxf2 12.Kxf2 Ng4+ 13.Kf3 Bxd4 14.Nd1 Ne5+ 15.
Kf4 g5+ 16.Kxg5 Qd6 17.Rf1 Kg7 0-1

[Event "11th Varna it"]
[Site "Golden Sands BUL"]
[Date "1972.05.26"]
[Round "1"]
[White "Bednarski, Jacek"]
[Black "Garcia Martinez, Silvino"]
[Result "1-0"]
[WhiteElo "2400"]
[BlackElo "2340"]
[EventDate "1972.05.26"]
[PlyCount "61"]

1.e4 Nf6 2.e5 Nd5 3.d4 d6 4.Nf3 g6 5.c4 Nb6 6.exd6 cxd6 7.h3 Bg7 8.Nc3 O-O
9.Be3 Nc6 10.Rc1 Bf5 11.d5 Nb4 12.Nd4 Bd7 13.Qd2 a5 14.Be2 Rc8 15.b3 Na6 
16.h4 Nc5 17.h5 f5 18.hxg6 hxg6 19.Bh6 Qe8 20.Bxg7 Kxg7 21.Nf3 e5 22.dxe6 
Qxe6 23.Qh6+ Kf6 24.Ng5 Qe5 25.Nh7+ Kf7 26.Nxf8 Nd3+ 27.Kf1 Nxc1 28.Nxd7 
Qxc3 29.Qh7+ Qg7 30.Nxb6 Re8 31.Bf3 1-0

[Event "11th Varna it"]
[Site "Golden Sands BUL"]
[Date "1972.05.26"]
[Round "1"]
[White "Ermenkov, Evgeny"]
[Black "Peev, Peicho"]
[Result "1-0"]
[WhiteElo "2260"]
[BlackElo "2400"]
[EventDate "1972.05.26"]
[PlyCount "71"]

1.Nf3 g6 2.g3 Bg7 3.d4 Nf6 4.Bg2 O-O 5.O-O c5 6.c4 Na6 7.Nc3 d6 8.h3 Bd7 
9.b3 cxd4 10.Nxd4 Nc5 11.Bb2 Rb8 12.Re1 a6 13.e4 b5 14.cxb5 axb5 15.Nd5 
Re8 16.Qd2 Qc8 17.Kh2 e5 18.Nxf6+ Bxf6 19.Nc2 Rb6 20.Nb4 Bg7 21.f4 Qb8 22.
Rf1 Bc8 23.fxe5 Be6 24.Qf2 Nd7 25.exd6 Bxb2 26.Qxb2 Qxd6 27.Nd5 Bxd5 28.
exd5 Nf6 29.Qf2 Re7 30.Rac1 Re5 31.Rc6 Rxc6 32.dxc6 Rf5 33.Qc2 Nh5 34.c7 
Qxg3+ 35.Kh1 Rg5 36.c8=Q+ 1-0

[Event "11th Varna it"]
[Site "Golden Sands BUL"]
[Date "1972.05.26"]
[Round "1"]
[White "Tringov, Georgi"]
[Black "Spasov, Luben"]
[Result "1/2-1/2"]
[WhiteElo "2490"]
[BlackElo "2420"]
[EventDate "1972.05.26"]
[PlyCount "43"]

1.e4 c5 2.Nf3 d6 3.d4 cxd4 4.Nxd4 Nf6 5.Nc3 a6 6.Be2 e6 7.O-O Be7 8.f4 Qc7
9.a4 Nc6 10.Nb3 Na5 11.Nxa5 Qxa5 12.Qe1 Bd7 13.Bf3 Bc6 14.Kh1 Rc8 15.Bd2 
Qc7 16.Qg3 O-O 17.e5 Ne8 18.Ne4 dxe5 19.fxe5 f5 20.exf6 Nxf6 21.Qh3 Qd7 
22.Nxf6+ 1/2-1/2

[Event "11th Varna it"]
[Site "Golden Sands BUL"]
[Date "1972.05.26"]
[Round "1"]
[White "Vogt, Lothar"]
[Black "Popov, Luben"]
[Result "1/2-1/2"]
[WhiteElo "2390"]
[BlackElo "2460"]
[EventDate "1972.05.26"]
[PlyCount "53"]

1.e4 c5 2.Nf3 e6 3.d4 cxd4 4.Nxd4 a6 5.Nc3 b5 6.Bd3 Bb7 7.O-O d6 8.a3 Nf6 
9.Be3 Nbd7 10.f4 Be7 11.Qf3 g6 12.Qh3 e5 13.Nde2 exf4 14.Nxf4 Ne5 15.Ncd5 
Nxd5 16.Nxd5 Bxd5 17.exd5 O-O 18.Bd4 Bf6 19.c3 Bg7 20.a4 Nc4 21.Bxg7 Kxg7 
22.Bxc4 Qb6+ 23.Kh1 bxc4 24.Qh4 Rac8 25.Rae1 Qc5 26.Qg5 Rc7 27.Re2 1/2-1/2

[Event "11th Varna it"]
[Site "Golden Sands BUL"]
[Date "1972.05.27"]
[Round "2"]
[White "Garcia Martinez, Silvino"]
[Black "Ermenkov, Evgeny"]
[Result "0-1"]
[WhiteElo "2340"]
[BlackElo "2260"]
[EventDate "1972.05.26"]
[PlyCount "70"]

1.c4 g6 2.Nf3 Bg7 3.Nc3 c5 4.e3 Nf6 5.d4 O-O 6.d5 d6 7.Be2 e6 8.e4 exd5 9.
exd5 Bg4 10.O-O Nbd7 11.h3 Bxf3 12.Bxf3 Ne8 13.Re1 Nc7 14.Qc2 f5 15.Bd2 
Qh4 16.Nb5 Nxb5 17.cxb5 Bd4 18.Bc3 Ne5 19.Bxd4 Qxd4 20.Be2 Rae8 21.Rad1 
Qh4 22.Bf1 f4 23.Re4 Rf5 24.Kh1 Ref8 25.b4 c4 26.Rdd4 g5 27.Bxc4 g4 28.Bf1
gxh3 29.g3 Qh5 30.Be2 Qg5 31.Qd1 h5 32.Qg1 fxg3 33.Qxg3 Qxg3 34.fxg3 Rf2 
35.Bxh5 Rf1+ 0-1

[Event "11th Varna it"]
[Site "Golden Sands BUL"]
[Date "1972.05.27"]
[Round "2"]
[White "Peev, Peicho"]
[Black "Vogt, Lothar"]
[Result "1-0"]
[WhiteElo "2400"]
[BlackElo "2390"]
[EventDate "1972.05.26"]
[PlyCount "99"]

1.d4 g6 2.c4 Bg7 3.Nc3 d6 4.e4 Nc6 5.Be3 e5 6.d5 Nce7 7.g4 f5 8.f3 Nf6 9.
h3 O-O 10.Qd2 c5 11.a3 a5 12.Bd3 a4 13.Nb5 Ne8 14.Ne2 f4 15.Bf2 Bd7 16.g5 
Nc8 17.h4 Na7 18.Nec3 Nxb5 19.cxb5 Nc7 20.b3 axb3 21.Qb2 Rc8 22.Qxb3 Na8 
23.Kd2 Qa5 24.Bc4 Nb6 25.Kd3 Ra8 26.a4 Rfc8 27.Rhb1 Nxc4 28.Qxc4 Qd8 29.
Kc2 Bf8 30.Nd1 Ra7 31.Nb2 Rca8 32.Qb3 b6 33.Nc4 Rb7 34.Qc3 Rab8 35.Kd2 Be7
36.Ke2 Be8 37.Rb2 Ra8 38.Qe1 Rab8 39.Qb1 Ra8 40.Ra3 Rab8 41.a5 bxa5 42.
Rxa5 Ra8 43.b6 Kf7 44.Qa2 Rxa5 45.Qxa5 Qb8 46.Qa6 Qc8 47.Na5 Rb8 48.Qxc8 
Rxc8 49.b7 Rb8 50.Nc6 1-0

[Event "11th Varna it"]
[Site "Golden Sands BUL"]
[Date "1972.05.27"]
[Round "2"]
[White "Popov, Luben"]
[Black "Adorjan, Andras"]
[Result "1/2-1/2"]
[WhiteElo "2460"]
[BlackElo "2465"]
[EventDate "1972.05.26"]
[PlyCount "44"]

1.d4 Nf6 2.c4 c5 3.d5 e6 4.Nc3 exd5 5.cxd5 d6 6.Nf3 g6 7.e4 Bg7 8.Be2 O-O 
9.O-O Re8 10.Nd2 Na6 11.f3 Nc7 12.a4 Nd7 13.Kh1 b6 14.Nc4 Ne5 15.Ne3 Rb8 
16.f4 Nd7 17.e5 dxe5 18.f5 e4 19.d6 Na6 20.Ned5 Nb4 21.Nxb4 cxb4 22.Nd5 
Bb7 1/2-1/2

[Event "11th Varna it"]
[Site "Golden Sands BUL"]
[Date "1972.05.28"]
[Round "3"]
[White "Adorjan, Andras"]
[Black "Peev, Peicho"]
[Result "1-0"]
[WhiteElo "2465"]
[BlackElo "2400"]
[EventDate "1972.05.26"]
[PlyCount "95"]

1.e4 c5 2.Nf3 e6 3.d4 cxd4 4.Nxd4 a6 5.c4 Nf6 6.Nc3 d6 7.Be2 Be7 8.O-O O-O
9.b3 Qc7 10.Bb2 b6 11.f4 Bb7 12.f5 Nc6 13.Kh1 Nxd4 14.Qxd4 Bc6 15.a4 Rad8 
16.Bf3 Bb7 17.Rac1 Rc8 18.Ne2 Rfe8 19.fxe6 fxe6 20.Bg4 Bd8 21.Bf3 Be7 22.
Bg4 Bd8 23.Bf3 Be7 24.Qe3 e5 25.Ba3 Bc6 26.Nc3 Qb7 27.Qe2 Qd7 28.Nd5 Bxd5 
29.cxd5 b5 30.axb5 axb5 31.h3 Qa7 32.Bb4 Qb6 33.Qd2 g6 34.Ba5 Qa6 35.Ra1 
Kg7 36.Qd3 Qb7 37.Be2 Rf8 38.Bd2 Ra8 39.Bf3 Nd7 40.b4 Ra4 41.Rac1 Ra2 42.
Qe3 Nb6 43.Qh6+ Kh8 44.Bh5 Kg8 45.Bxg6 hxg6 46.Qxg6+ Kh8 47.Qh5+ Kg8 48.
Bh6 1-0

[Event "11th Varna it"]
[Site "Golden Sands BUL"]
[Date "1972.05.28"]
[Round "3"]
[White "Ermenkov, Evgeny"]
[Black "Spasov, Luben"]
[Result "1/2-1/2"]
[WhiteElo "2260"]
[BlackElo "2420"]
[EventDate "1972.05.26"]
[PlyCount "76"]

1.e4 c5 2.Nc3 Nc6 3.g3 g6 4.Bg2 Bg7 5.d3 d6 6.f4 Rb8 7.Nf3 b5 8.O-O b4 9.
Ne2 Nf6 10.Nh4 Nd4 11.h3 O-O 12.g4 a5 13.f5 a4 14.Rb1 Ba6 15.Be3 Nd7 16.g5
b3 17.axb3 axb3 18.c4 Nc2 19.Bd2 Bb7 20.Nf4 Bd4+ 21.Kh1 Ne5 22.fxg6 hxg6 
23.Nf3 Ne3 24.Bxe3 Bxe3 25.Nd5 Bxd5 26.exd5 Nxf3 27.Rxf3 Bxg5 28.Rg3 Bf4 
29.Rg4 Be5 30.Be4 Kg7 31.Bxg6 fxg6 32.Rxg6+ Kxg6 33.Qg4+ Kf7 34.Qh5+ Kg8 
35.Rg1+ Bg7 36.Rxg7+ Kxg7 37.Qg5+ Kf7 38.Qh5+ Kf6 1/2-1/2

[Event "11th Varna it"]
[Site "Golden Sands BUL"]
[Date "1972.05.28"]
[Round "3"]
[White "Vogt, Lothar"]
[Black "Garcia Martinez, Silvino"]
[Result "1-0"]
[WhiteElo "2390"]
[BlackElo "2340"]
[EventDate "1972.05.26"]
[PlyCount "55"]

1.e4 e5 2.Nf3 Nc6 3.Bb5 a6 4.Ba4 Nf6 5.O-O Nxe4 6.d4 b5 7.Bb3 d5 8.dxe5 
Be6 9.Qe2 Be7 10.Rd1 Qd7 11.c4 bxc4 12.Bxc4 O-O 13.Nc3 Nxc3 14.bxc3 f6 15.
exf6 Bxf6 16.Bg5 Kh8 17.Bxf6 Rxf6 18.Ng5 Bg8 19.Bxa6 Re8 20.Qd2 Qd6 21.Bb5
Ref8 22.Bxc6 Rxf2 23.Ne4 Rxd2 24.Nxd6 Rb2 25.Rf1 Rxf1+ 26.Rxf1 cxd6 27.Rf8
Rd2 28.Kf1 1-0

[Event "11th Varna it"]
[Site "Golden Sands BUL"]
[Date "1972.05.30"]
[Round "4"]
[White "Spasov, Luben"]
[Black "Vogt, Lothar"]
[Result "1-0"]
[WhiteElo "2420"]
[BlackElo "2390"]
[EventDate "1972.05.26"]
[PlyCount "69"]

1.d4 Nf6 2.c4 g6 3.Nc3 Bg7 4.e4 d6 5.Be2 O-O 6.Bg5 h6 7.Be3 c5 8.d5 e6 9.
h3 exd5 10.exd5 Na6 11.Qd2 Kh7 12.Nf3 Bf5 13.Bd3 Qd7 14.O-O Rfe8 15.Rae1 
Nb4 16.Bxf5 Qxf5 17.a3 Nc2 18.Nh4 Qh5 19.Qxc2 Qxh4 20.Nb5 Rad8 21.Nxa7 Nh5
22.Nb5 Be5 23.Bd2 Rc8 24.Qd3 Re7 25.Bc3 Rce8 26.b3 Nf4 27.Qf3 Bxc3 28.Rxe7
Rxe7 29.Nxc3 Re5 30.Qg4 Qf6 31.g3 Nxh3+ 32.Qxh3 Rh5 33.Ne4 Qd4 34.Qg2 f5 
35.Nxd6 1-0

[Event "11th Varna it"]
[Site "Golden Sands BUL"]
[Date "1972.05.30"]
[Round "4"]
[White "Tringov, Georgi"]
[Black "Bednarski, Jacek"]
[Result "1-0"]
[WhiteElo "2490"]
[BlackElo "2400"]
[EventDate "1972.05.26"]
[PlyCount "59"]

1.e4 e6 2.d4 d5 3.Nc3 Nf6 4.e5 Ne4 5.Nxe4 dxe4 6.Be3 c5 7.dxc5 Nd7 8.Qg4 
Nxc5 9.Bxc5 Bxc5 10.Qxg7 Qa5+ 11.c3 Rf8 12.Ne2 Bd7 13.Qf6 Ba4 14.Ng3 Bd4 
15.Nxe4 Bxe5 16.Qh4 f5 17.Nd2 Bf6 18.Qh5+ Ke7 19.Bc4 Rg8 20.Qe2 Qb6 21.O-O
Rg4 22.Rfe1 e5 23.Bd5 e4 24.Nxe4 Re8 25.Nxf6+ Kxf6 26.Qd2 Rd8 27.Qh6+ Rg6 
28.Qh4+ Kg7 29.Re7+ Kf8 30.Rf7+ 1-0

[Event "11th Varna it"]
[Site "Golden Sands BUL"]
[Date "1972.05.31"]
[Round "5"]
[White "Adorjan, Andras"]
[Black "Spasov, Luben"]
[Result "1-0"]
[WhiteElo "2465"]
[BlackElo "2420"]
[EventDate "1972.05.26"]
[PlyCount "67"]

1.e4 c5 2.Nf3 Nc6 3.Bb5 g6 4.O-O Bg7 5.Re1 Nf6 6.h3 O-O 7.c3 Qb6 8.Ba4 d6 
9.d4 cxd4 10.cxd4 Nd7 11.Nc3 Nxd4 12.Nxd4 Qxd4 13.Nd5 e6 14.Ne7+ Kh8 15.
Qxd4 Bxd4 16.Nxc8 Nc5 17.Nxd6 Nxa4 18.Bh6 Bg7 19.Bxg7+ Kxg7 20.b3 Nc5 21.
e5 b6 22.Re3 a5 23.Rc1 Ra7 24.a3 Rd7 25.b4 axb4 26.axb4 Nb7 27.Ne4 Rb8 28.
Nf6 Re7 29.Rd3 Rd8 30.Rxd8 Nxd8 31.Rc8 Nb7 32.g4 g5 33.f4 gxf4 34.Rg8+ 1-0

[Event "11th Varna it"]
[Site "Golden Sands BUL"]
[Date "1972.05.31"]
[Round "5"]
[White "Podgaets, Mikhail"]
[Black "Peev, Peicho"]
[Result "0-1"]
[WhiteElo "2530"]
[BlackElo "2400"]
[EventDate "1972.05.26"]
[PlyCount "85"]

1.Nf3 g6 2.d4 Bg7 3.g3 Nf6 4.c4 c5 5.d5 b5 6.cxb5 a6 7.bxa6 Bxa6 8.Nc3 O-O
9.Bg2 d6 10.O-O Nbd7 11.Rb1 Qa5 12.Qc2 Rfb8 13.Re1 h6 14.Bh3 Bc4 15.Nd2 
Nb6 16.Nxc4 Nxc4 17.Rd1 Ne8 18.Bd7 Bxc3 19.bxc3 Rxb1 20.Qxb1 Nf6 21.Bc6 
Qxa2 22.Bxh6 Qxb1 23.Rxb1 Ra2 24.Rc1 Ne5 25.Bb5 Nxd5 26.Bf4 Nc7 27.Bd3 c4 
28.Bc2 Nb5 29.Bd1 Nc6 30.Bg5 f6 31.Be3 Na5 32.Kf1 Nb3 33.Rb1 Ra3 34.Bc1 
Nxc1 35.Rxb5 Na2 36.Ke1 Nxc3 37.Rb8+ Kf7 38.Bc2 Ra2 39.Kd2 Nxe2 40.Rc8 Nd4
41.Rxc4 Rxc2+ 42.Rxc2 Nxc2 43.Kxc2 0-1

[Event "11th Varna it"]
[Site "Golden Sands BUL"]
[Date "1972.05.31"]
[Round "5"]
[White "Vogt, Lothar"]
[Black "Bohosjan, Sarkis"]
[Result "1-0"]
[WhiteElo "2390"]
[BlackElo "2410"]
[EventDate "1972.05.26"]
[PlyCount "89"]

1.e4 g6 2.d4 Bg7 3.Nc3 d6 4.f4 Nc6 5.Be3 Nh6 6.h3 d5 7.e5 Nf5 8.Bf2 h5 9.
Nf3 h4 10.Bd3 e6 11.O-O Bf8 12.a3 a5 13.Ne2 a4 14.c4 dxc4 15.Bxc4 Nce7 16.
Nc3 Nd5 17.Bxd5 exd5 18.Nh2 Bh6 19.Ng4 Bxf4 20.Nxd5 Bg5 21.Ndf6+ Kf8 22.d5
c6 23.d6 Be6 24.Ne4 Kg7 25.Nc5 b5 26.Nxe6+ fxe6 27.Qf3 Qd7 28.Ne3 Bxe3 29.
Bxe3 Rhf8 30.Bg5 Qa7+ 31.Qf2 Rf7 32.Qxa7 Rfxa7 33.Rfd1 Rd7 34.Rac1 Rc8 35.
Rc5 Ng3 36.Bxh4 Ne4 37.Rc2 g5 38.Re2 Nc3 39.bxc3 gxh4 40.Re4 Rh8 41.Rdd4 
Kg6 42.Rf4 c5 43.Rf6+ Kh5 44.Rg4 b4 45.Rfg6 1-0

[Event "11th Varna it"]
[Site "Golden Sands BUL"]
[Date "1972.06.01"]
[Round "6"]
[White "Bednarski, Jacek"]
[Black "Ermenkov, Evgeny"]
[Result "1/2-1/2"]
[WhiteElo "2400"]
[BlackElo "2260"]
[EventDate "1972.05.26"]
[PlyCount "84"]

1.e4 c6 2.d4 d5 3.Nd2 dxe4 4.Nxe4 Nf6 5.Nxf6+ gxf6 6.Ne2 Bg4 7.Qd3 Bh5 8.
Qb3 Qc8 9.Nf4 Bg6 10.Bc4 e6 11.O-O Na6 12.Re1 Be7 13.Nxe6 fxe6 14.Bxe6 Qc7
15.Bh6 Kd8 16.Bg7 Re8 17.Bf7 Qb6 18.Bxe8 Qxb3 19.axb3 Bxe8 20.Re2 Bh5 21.
f3 Kd7 22.Rae1 Re8 23.c3 Bf7 24.Kf2 Nc7 25.b4 Nd5 26.g3 Rg8 27.Rxe7+ Nxe7 
28.Bxf6 Nd5 29.Be5 Nb6 30.g4 Bd5 31.Kg3 Nc4 32.Re2 Nd6 33.Bxd6 Kxd6 34.h3 
b6 35.f4 a5 36.bxa5 bxa5 37.f5 Bc4 38.Re5 a4 39.Ra5 Bb3 40.Kf4 Re8 41.Re5 
Rb8 42.Re2 Bc4 1/2-1/2

[Event "11th Varna it"]
[Site "Golden Sands BUL"]
[Date "1972.06.01"]
[Round "6"]
[White "Bohosjan, Sarkis"]
[Black "Adorjan, Andras"]
[Result "0-1"]
[WhiteElo "2410"]
[BlackElo "2465"]
[EventDate "1972.05.26"]
[PlyCount "96"]

1.e4 c5 2.Nc3 Nc6 3.f4 g6 4.Nf3 Bg7 5.g3 d6 6.Bg2 e6 7.O-O Nge7 8.d3 O-O 
9.h3 Rb8 10.g4 f5 11.Qe1 Nd4 12.Nxd4 cxd4 13.Ne2 Bd7 14.Ng3 Rc8 15.Rf2 Nc6
16.g5 fxe4 17.Bxe4 Qb6 18.a3 Ne7 19.h4 Be8 20.h5 Bf7 21.Rh2 Rfe8 22.Bd2 
Nf5 23.hxg6 hxg6 24.Ba5 Qa6 25.Bb4 Qb6 26.Rc1 Nxg3 27.Qxg3 a5 28.Bd2 d5 
29.Bf3 Qxb2 30.f5 exf5 31.Bf4 Re3 32.Rf1 Qxa3 33.Bd6 Rxf3 34.Rxf3 Qc1+ 35.
Kg2 Rxc2+ 36.Rf2 Rxf2+ 37.Kxf2 Qd2+ 38.Kf1 Qd1+ 39.Kg2 Qe2+ 40.Kh3 Qh5+ 
41.Kg2 Qe2+ 42.Kh3 Qf1+ 43.Kh4 Qd1 44.Kh3 f4 45.Bxf4 Be6+ 46.Kg2 Bf5 47.
Be3 Qe2+ 48.Bf2 Be5 0-1

[Event "11th Varna it"]
[Site "Golden Sands BUL"]
[Date "1972.06.01"]
[Round "6"]
[White "Tringov, Georgi"]
[Black "Vogt, Lothar"]
[Result "1/2-1/2"]
[WhiteElo "2490"]
[BlackElo "2390"]
[EventDate "1972.05.26"]
[PlyCount "54"]

1.e4 e5 2.Nf3 Nc6 3.Bb5 a6 4.Ba4 Nf6 5.O-O Be7 6.Re1 b5 7.Bb3 d6 8.c3 O-O 
9.h3 Nb8 10.d3 Nbd7 11.Nbd2 Bb7 12.Nf1 Nc5 13.Bc2 Re8 14.Ng3 Bf8 15.b4 
Ncd7 16.Bb3 a5 17.a3 axb4 18.cxb4 h6 19.Bb2 c5 20.Qd2 cxb4 21.axb4 d5 22.
Rxa8 Bxa8 23.Bc3 Qc7 24.Qb2 Bd6 25.Nh4 dxe4 26.dxe4 Nb6 27.Nhf5 Bf8 
1/2-1/2

[Event "11th Varna it"]
[Site "Golden Sands BUL"]
[Date "1972.06.03"]
[Round "7"]
[White "Adorjan, Andras"]
[Black "Tringov, Georgi"]
[Result "1-0"]
[WhiteElo "2465"]
[BlackElo "2490"]
[EventDate "1972.05.26"]
[PlyCount "105"]

1.e4 e5 2.Nf3 Nc6 3.Bb5 a6 4.Bxc6 dxc6 5.O-O f6 6.d4 Bg4 7.dxe5 Qxd1 8.
Rxd1 fxe5 9.Rd3 Bxf3 10.gxf3 Nf6 11.Nd2 b5 12.a4 Bd6 13.Nb3 O-O 14.Na5 c5 
15.c4 bxa4 16.Nb7 Rfb8 17.Nxd6 Rd8 18.Be3 Rxd6 19.Rda3 Nd7 20.Kf1 Rf6 21.
Rxa4 Nb6 22.Rxa6 Rxa6 23.Rxa6 Nxc4 24.Rxf6 gxf6 25.Bc1 Nd6 26.Ke2 c4 27.
Ke3 Nb5 28.f4 exf4+ 29.Kxf4 Kf7 30.Bd2 Ke6 31.Bc3 c6 32.Kg4 Nd6 33.f3 f5+ 
34.exf5+ Nxf5 35.Kg5 c5 36.f4 Nd4 37.h3 Nf3+ 38.Kg4 Nd4 39.Ba5 Kf6 40.h4 
Kg6 41.h5+ Kf6 42.Bd8+ Ke6 43.Kg5 Ne2 44.f5+ Kf7 45.Ba5 Ng3 46.Bc3 h6+ 47.
Kg4 Ne2 48.Kf3 Nd4+ 49.Ke4 Ne2 50.Be5 Nc1 51.Kd5 Nd3 52.Kd6 Nf2 53.Kxc5 
1-0

[Event "11th Varna it"]
[Site "Golden Sands BUL"]
[Date "1972.06.03"]
[Round "7"]
[White "Podgaets, Mikhail"]
[Black "Spasov, Luben"]
[Result "1-0"]
[WhiteElo "2530"]
[BlackElo "2420"]
[EventDate "1972.05.26"]
[PlyCount "81"]

1.Nf3 Nf6 2.c4 e6 3.Nc3 Bb4 4.Qc2 c5 5.a3 Ba5 6.g3 O-O 7.Bg2 d6 8.O-O Nc6 
9.e3 e5 10.b3 Bg4 11.h3 Bxc3 12.Qxc3 Bxf3 13.Bxf3 Qd7 14.Bg2 Rad8 15.Bb2 
Rfe8 16.f4 b6 17.Qc2 Re7 18.g4 Ne8 19.Be4 g6 20.f5 Nc7 21.Rf3 d5 22.cxd5 
Nxd5 23.Raf1 Qd6 24.g5 Red7 25.d3 Nce7 26.fxg6 Nxg6 27.Qf2 Qe7 28.Rf5 Qe6 
29.Qg3 Nde7 30.Rxf7 Rxd3 31.R7f6 Qxb3 32.Bxg6 Rxe3 33.Bf7+ Kg7 34.Qg2 c4 
35.Be6 Ng6 36.Rf7+ Kh8 37.Qf2 Rg3+ 38.Kh2 Rxh3+ 39.Bxh3 Kg8 40.Rg7+ Kh8 
41.Rxg6 1-0

[Event "11th Varna it"]
[Site "Golden Sands BUL"]
[Date "1972.06.03"]
[Round "7"]
[White "Vogt, Lothar"]
[Black "Bednarski, Jacek"]
[Result "1-0"]
[WhiteElo "2390"]
[BlackElo "2400"]
[EventDate "1972.05.26"]
[PlyCount "61"]

1.e4 e6 2.d4 d5 3.Nd2 Nc6 4.Ngf3 Nf6 5.e5 Nd7 6.Nb3 a5 7.a4 b6 8.c3 Be7 9.
Bd3 Ncb8 10.Be3 Ba6 11.O-O c5 12.Nc1 Bxd3 13.Nxd3 Nc6 14.Nf4 g6 15.g3 Qc8 
16.Rc1 Qb7 17.Nd3 Qa6 18.b3 Rc8 19.Bh6 cxd4 20.cxd4 Ndb8 21.Qd2 Kd7 22.
Rfd1 Nd8 23.Bg7 Rxc1 24.Rxc1 Rg8 25.Bf6 Nbc6 26.Qc3 h6 27.Bxe7 Kxe7 28.b4 
Qb7 29.b5 Nb8 30.Qa3+ Ke8 31.Qd6 1-0

[Event "11th Varna it"]
[Site "Golden Sands BUL"]
[Date "1972.06.04"]
[Round "8"]
[White "Bednarski, Jacek"]
[Black "Adorjan, Andras"]
[Result "0-1"]
[WhiteElo "2400"]
[BlackElo "2465"]
[EventDate "1972.05.26"]
[PlyCount "54"]

1.e4 c5 2.Nf3 Nc6 3.d4 cxd4 4.Nxd4 g6 5.Nc3 Bg7 6.Be3 Nf6 7.Bc4 O-O 8.Bb3 
d6 9.f3 Bd7 10.Qe2 Na5 11.Qd3 Rc8 12.g4 e5 13.Nde2 Nxb3 14.axb3 d5 15.Bg5 
d4 16.Nd5 Nxd5 17.Bxd8 Nb4 18.Qd2 Nxc2+ 19.Kf2 Nxa1 20.Be7 Nxb3 21.Qb4 Be6
22.Bxf8 Bxf8 23.Qxb7 Rc2 24.Ke1 Bc4 25.Ng3 d3 26.Nf1 Re2+ 27.Kd1 Rxb2 0-1

[Event "11th Varna it"]
[Site "Golden Sands BUL"]
[Date "1972.06.04"]
[Round "8"]
[White "Ermenkov, Evgeny"]
[Black "Vogt, Lothar"]
[Result "1/2-1/2"]
[WhiteElo "2260"]
[BlackElo "2390"]
[EventDate "1972.05.26"]
[PlyCount "32"]

1.Nf3 g6 2.g3 Bg7 3.Bg2 Nf6 4.b3 Ne4 5.d4 c5 6.O-O O-O 7.Bb2 Nc6 8.c4 d6 
9.e3 Bd7 10.Nc3 Nxc3 11.Bxc3 cxd4 12.exd4 e6 13.Re1 Ne7 14.Bb4 Bc6 15.Rc1 
Re8 16.Bc3 Qd7 1/2-1/2

[Event "11th Varna it"]
[Site "Golden Sands BUL"]
[Date "1972.06.08"]
[Round "10"]
[White "Bednarski, Jacek"]
[Black "Podgaets, Mikhail"]
[Result "0-1"]
[WhiteElo "2400"]
[BlackElo "2530"]
[EventDate "1972.05.26"]
[PlyCount "81"]

1.e4 g6 2.d4 Bg7 3.Nc3 c6 4.Nf3 d6 5.Bc4 Nf6 6.O-O d5 7.Bd3 Bg4 8.exd5 
cxd5 9.Nb1 Nc6 10.c3 O-O 11.Nbd2 Qc7 12.h3 Bd7 13.Re1 Nh5 14.Nf1 Rad8 15.
Ne3 Bc8 16.Ng4 f6 17.Bc2 a6 18.a4 Kh8 19.Nh4 f5 20.Ne3 Nf6 21.Nf3 Ne4 22.
Bb3 Be6 23.Nf1 Bg8 24.Ba2 b5 25.axb5 axb5 26.N3d2 b4 27.Nxe4 fxe4 28.Ne3 
e5 29.Nc2 Qb6 30.Bb1 b3 31.Na3 exd4 32.cxd4 Nxd4 33.Be3 Qf6 34.Rf1 Nf5 35.
Bc1 Rc8 36.Nb5 Ng3 37.fxg3 Qxf1+ 38.Qxf1 Rxf1+ 39.Kxf1 Rxc1+ 40.Ke2 Bxb2 
41.Ra8 0-1

[Event "11th Varna it"]
[Site "Golden Sands BUL"]
[Date "1972.06.08"]
[Round "10"]
[White "Bohosjan, Sarkis"]
[Black "Popov, Luben"]
[Result "1-0"]
[WhiteElo "2410"]
[BlackElo "2460"]
[EventDate "1972.05.26"]
[PlyCount "67"]

1.e4 c5 2.Nf3 e6 3.Nc3 a6 4.g3 Nc6 5.Bg2 g6 6.d4 cxd4 7.Nxd4 Bg7 8.Nxc6 
bxc6 9.Qd6 f6 10.h4 Nh6 11.h5 Nf7 12.Qa3 g5 13.Be3 Qc7 14.O-O-O Bf8 15.Bc5
d6 16.Bd4 Be7 17.f4 e5 18.Be3 O-O 19.fxg5 fxg5 20.Na4 Rb8 21.c4 a5 22.c5 
Rb4 23.Kb1 Bg4 24.Rd2 Rfb8 25.h6 dxc5 26.Nxc5 Nd6 27.Bf1 Nc4 28.Bxc4+ Rxc4
29.Qd3 Rcb4 30.Na6 Qc8 31.Nxb8 Qxb8 32.Rf1 Be6 33.Bc5 Bc4 34.Qd8+ 1-0

[Event "11th Varna it"]
[Site "Golden Sands BUL"]
[Date "1972.06.08"]
[Round "10"]
[White "Ermenkov, Evgeny"]
[Black "Adamski, Jan"]
[Result "0-1"]
[WhiteElo "2260"]
[BlackElo "2380"]
[EventDate "1972.05.26"]
[PlyCount "88"]

1.e4 c5 2.Nf3 e6 3.d4 cxd4 4.Nxd4 Nf6 5.Nc3 d6 6.Be2 a6 7.O-O Qc7 8.a4 Nc6
9.Nb3 b6 10.f4 Be7 11.Bf3 O-O 12.Qe2 Bb7 13.g4 Nd7 14.Be3 Nc5 15.Nc1 Bf6 
16.Qd2 Na5 17.N1e2 Nc4 18.Qc1 Nxe4 19.g5 Nxc3 20.bxc3 Be7 21.f5 exf5 22.
Bd4 f6 23.Ng3 g6 24.Bxb7 Qxb7 25.gxf6 Bxf6 26.Bxf6 Rxf6 27.Qg5 Raf8 28.Rf2
f4 29.Re1 Ne5 30.Ne4 Rf5 31.Qg2 Qe7 32.Kh1 f3 33.Qg3 d5 34.Nd2 Rg5 35.Qh3 
Ng4 36.Qf1 Nxf2+ 37.Qxf2 Rg2 38.Qf1 Qh4 39.Nxf3 Rxh2+ 40.Nxh2 Rxf1+ 41.
Rxf1 Qe4+ 42.Nf3 Qxc2 43.Nd4 Qxc3 44.Ne6 Qh3+ 0-1

[Event "11th Varna it"]
[Site "Golden Sands BUL"]
[Date "1972.06.09"]
[Round "11"]
[White "Adamski, Jan"]
[Black "Vogt, Lothar"]
[Result "1/2-1/2"]
[WhiteElo "2380"]
[BlackElo "2390"]
[EventDate "1972.05.26"]
[PlyCount "38"]

1.b3 e5 2.Bb2 Nc6 3.c4 Nf6 4.e3 Be7 5.Nc3 O-O 6.Nf3 d5 7.cxd5 Nxd5 8.Qc2 
Ndb4 9.Qb1 a5 10.Be2 Be6 11.O-O Qd7 12.Rd1 Bf5 13.d3 Rfd8 14.a3 Na6 15.Qc2
f6 16.Ne4 Qd5 17.Rac1 Be6 18.Nfd2 Qd7 19.Nf3 Qd5 1/2-1/2

[Event "11th Varna it"]
[Site "Golden Sands BUL"]
[Date "1972.06.09"]
[Round "11"]
[White "Garcia Martinez, Silvino"]
[Black "Spasov, Luben"]
[Result "1-0"]
[WhiteElo "2340"]
[BlackElo "2420"]
[EventDate "1972.05.26"]
[PlyCount "80"]

1.e4 c5 2.Nf3 d6 3.d4 cxd4 4.Nxd4 Nf6 5.Nc3 Nc6 6.Bc4 Qb6 7.Nb3 e6 8.Be3 
Qc7 9.Bd3 a6 10.f4 b5 11.Qe2 Be7 12.g4 O-O 13.g5 Nd7 14.O-O Re8 15.Rf2 Nc5
16.Nxc5 dxc5 17.e5 Bb7 18.Ne4 c4 19.Nf6+ Bxf6 20.Bxh7+ Kxh7 21.Qh5+ Kg8 
22.gxf6 Ne7 23.h4 Qc6 24.Kh2 Qe4 25.Rg1 Ng6 26.Qe2 Kh7 27.Qh5+ Kg8 28.Qe2 
gxf6 29.exf6 Rad8 30.h5 Rd5 31.Rfg2 Qf5 32.Rg5 Qxf6 33.Rxg6+ fxg6 34.Rxg6+
Qxg6 35.hxg6 Rf8 36.Bd4 Bc8 37.Be5 Rf5 38.Qe3 Bb7 39.Qb6 Rd2+ 40.Kh3 Bd5 
1-0

[Event "11th Varna it"]
[Site "Golden Sands BUL"]
[Date "1972.06.09"]
[Round "11"]
[White "Peev, Peicho"]
[Black "Bohosjan, Sarkis"]
[Result "1-0"]
[WhiteElo "2400"]
[BlackElo "2410"]
[EventDate "1972.05.26"]
[PlyCount "85"]

1.d4 c5 2.d5 e5 3.c4 d6 4.Nc3 g6 5.e4 Bg7 6.Nf3 Ne7 7.Be2 O-O 8.O-O Nd7 9.
a3 h6 10.Ne1 f5 11.f3 Nf6 12.Nd3 f4 13.g4 g5 14.b4 b6 15.h3 h5 16.Bd2 Ng6 
17.Rb1 Rf7 18.Rf2 Bf8 19.Rh2 Nh4 20.Be1 hxg4 21.hxg4 Nxg4 22.fxg4 f3 23.
Bf1 Bxg4 24.Nf2 Bd7 25.Nh1 Qf6 26.Bg3 Ng6 27.bxc5 bxc5 28.Rb7 g4 29.Rh5 
Qd8 30.Qb1 Nf4 31.Bxf4 Rxf4 32.Ng3 Be8 33.Rh2 Qg5 34.Rbh7 Rf7 35.Rh8+ Kg7 
36.Nf5+ Rxf5 37.R2h7+ Kf6 38.Rxf8+ Kg6 39.Rg8+ Kxh7 40.Rxg5 Rxg5 41.Qb7+ 
Rg7 42.Qxa8 Bd7 43.Qf8 1-0

[Event "11th Varna it"]
[Site "Golden Sands BUL"]
[Date "1972.06.09"]
[Round "11"]
[White "Popov, Luben"]
[Black "Tringov, Georgi"]
[Result "1/2-1/2"]
[WhiteElo "2460"]
[BlackElo "2490"]
[EventDate "1972.05.26"]
[PlyCount "83"]

1.d4 Nf6 2.c4 c5 3.d5 b5 4.cxb5 a6 5.bxa6 Bxa6 6.Nc3 g6 7.Nf3 Bg7 8.e4 
Bxf1 9.Kxf1 d6 10.g3 O-O 11.Kg2 Nbd7 12.h3 Qa5 13.Qc2 Nb6 14.Nd2 Nfd7 15.
Nb3 Qa6 16.Rd1 Na4 17.Nd2 Nxc3 18.bxc3 Qe2 19.a3 Ne5 20.Ra2 c4 21.Nf1 Qf3+
22.Kg1 Nd3 23.Qe2 Qxe2 24.Rxe2 Rfb8 25.Bg5 Kf8 26.Ne3 Nb2 27.Rb1 Na4 28.
Rxb8+ Rxb8 29.Nxc4 Nxc3 30.Re1 Ra8 31.Bc1 Ra4 32.Nd2 Na2 33.Nf3 Nxc1 34.
Rxc1 Bf6 35.Re1 Rxa3 36.Kg2 h5 37.Re2 Ra4 38.h4 Rc4 39.Ng5 Bxg5 40.hxg5 e6
41.dxe6 fxe6 42.f4 1/2-1/2